Imiona żeńskie na B w rejestrze PESEL - Statystyki

Ogólne statystyki
  • Ten quiz został rozwiązany 116 razy
  • Średni wynik to 7 z 10
Statystyki odpowiedzi
Odpowiedź % Poprawnych
1 Barbara
99%
2 Beata
85%
3 Bożena
84%
10 Bożenna
84%
5 Bogusława
68%
4 Bogumiła
61%
8 Bronisława
59%
6 Blanka
55%
7 Bernadeta
50%
9 Brygida
28%
Nie znaleziono quizów pasujących do podanych kryteriów
Rozkład punktacji
Procent ludzi z każdym wynikiem
Percentyl według liczby udzielonych odpowiedzi
Twoja historia wyników
Nie rozwiązałeś tego quizu